000 00519nam a2200193Ia 4500
003 OSt
005 20260508153038.0
008 210210b1980 xxu||||| |||| 00| 0 eng d
040 _cAL
041 _aTulu
082 _aT894.1 NARK
100 _aNARAYANA SHETTI (K B).
_dನಾರಾಯಣ ಶೆಟ್ಟಿ (ಕೆ ಬಿ)
_9263666
245 _aKanige.
_bಕಾಣಿಗೆ
260 _aMangaluru
_bTuluva Prakashana
_c1980
300 _a74
690 _aTulu Poetry
_9263667
906 _a046564
942 _2ddc
_cBK
999 _c95819
_d95819